TB. OF MIDWIFERY AND OBSTETRICS (Record no. 21953)

MARC details
000 -LEADER
fixed length control field 00354nam a22001577a 4500
003 - CONTROL NUMBER IDENTIFIER
control field SGT
020 ## - INTERNATIONAL STANDARD BOOK NUMBER
International Standard Book Number 9789386896025
082 ## - DEWEY DECIMAL CLASSIFICATION NUMBER
Classification number 610.7367
Item number M21M
100 ## - MAIN ENTRY--PERSONAL NAME
Personal name MAGON, SHELY
245 ## - TITLE STATEMENT
Title TB. OF MIDWIFERY AND OBSTETRICS
250 ## - EDITION STATEMENT
Edition statement 4TH
260 ## - PUBLICATION, DISTRIBUTION, ETC. (IMPRINT)
Place of publication, distribution, etc INDIA
Name of publisher, distributor, etc LOTUS PUB
Year of Publication 2021
300 ## - PAGE DESCRIPTION
No. of Pages 1095
650 ## - SUBJECT ADDED ENTRY--TOPICAL TERM
Topical term or geographic name as entry element MIDWIFERY NURSING
942 ## - ADDED ENTRY ELEMENTS (KOHA)
Source of classification or shelving scheme Dewey Decimal Classification
Koha item type Books
942 ## - ADDED ENTRY ELEMENTS (KOHA)
-- 323
Holdings
Withdrawn status Lost status Source of classification or shelving scheme Damaged status Not for loan Collection code Home library Current library Shelving location Date acquired Vendor Name Cost, normal purchase price SGTU Bill Number Total Checkouts Total Renewals Full call number Accession No. (Barcode) Date last seen Date last borrowed Bill Date Koha item type Checked out
    Dewey Decimal Classification     NURSING SGT Medical Library SGT Medical Library Text Book 12/10/2021 ABC DELHI 790.00 SGTU 13309 49 1 610.7367 M21M FN4531 03/06/2026 19/05/2026   Books  
    Dewey Decimal Classification     NURSING SGT Medical Library SGT Medical Library Text Book 12/10/2021 ABC DELHI 790.00 SGTU 13309 83 2 610.7367 M21M FN4532 10/01/2026 24/12/2025   Books  
    Dewey Decimal Classification     NURSING SGT Medical Library SGT Medical Library Text Book 12/10/2021 ABC DELHI 790.00 SGTU 13309 93 1 610.7367 M21M FN4533 18/03/2026 18/03/2026   Books  
    Dewey Decimal Classification     NURSING SGT Medical Library SGT Medical Library Text Book 12/10/2021 ABC DELHI 790.00 SGTU 13309 101 1 610.7367 M21M FN4534 01/06/2026 01/06/2026   Books 15/06/2026
    Dewey Decimal Classification     NURSING SGT Medical Library SGT Medical Library Text Book 12/10/2021 ABC DELHI 790.00 SGTU 13309 95 3 610.7367 M21M FN4535 23/05/2026 23/05/2026   Books 06/06/2026